000 00586nam a2200193 a 4500
005 20140412111306.0
008 010430s19uu xx 00 eng d
020 _a0-590-42364-9
050 _aTR(PS E
_bBr75 1979
100 _aGross, Ruth Belov
245 _aBremen-town musicians (The) /
_cretold from Grimm by Ruth Belov Gross; pictures by Jack Kent.
260 _aNew York :
_bScholastic Inc,
_c1979.
300 _a32p. ; ill.
440 _aAn Easy-To-Read Folktale
650 _aDonkey-Stories
650 _aAnimals--Fiction
650 _aChildren stories
999 _c103715
_d103715